| Поле | Инд. | ПП | Название | Значение |
|---|---|---|---|---|
| Тип записи | m | |||
| Библиографический уровень | m | |||
| 001 | Контрольный номер | 498c41ec856f49988adfb3160cc7ad44 | ||
| 005 | Дата корректировки | 20250122094214.1 | ||
| 008 | Кодируемые данные | 240123|||||||||ru |||||||||||||||||rus|| | ||
| 020 | a | ISBN | 978-5-907368-70-5 | |
| 040 | a | Служба первич. каталог. | DE | |
| b | Код языка каталог. | rus | ||
| e | Правила каталог. | PSBO | ||
| 084 | a | Индекс другой классификации/Индекс ББК | 65.049(2Рос) | |
| 203 | a | Вид содержания | Текст | |
| c | Тип средства | электронный | ||
| 245 | 10 | a | Заглавие | Состояние и перспективы научно-технологической деятельности в Арктике на 2023 г. |
| c | Ответственность | Министерство науки и высшего образования Российской Федерации, Федеральное государственное автономное образовательное учреждение высшего образования "Мурманский арктический университет" ; ответственный редактор Г. Г. Гогоберидзе | ||
| b | Продолж. заглавия | информационно-аналитическое издание | ||
| h | Физич. носитель | Электронный ресурс | ||
| 260 | a | Место издания | Мурманск | |
| b | Издательство | МАУ | ||
| c | Дата издания | 2023 | ||
| 500 | a | Примечание | Электрон. текстовые дан. (1 файл : 822 Кб) | |
| 500 | a | Примечание | URL: https://elib.mauniver.ru/2024/Mn_24_02.pdf | |
| 500 | a | Примечание | Доступ из локальной сети Мурманского арктического университета. - Загл. с титул. экрана | |
| 500 | a | Примечание | Имеется печатный аналог 2023 г. | |
| 520 | 0_ | a | Аннотация | Информационно-аналитическое издание содержит сведения о проведении научных исследований и реализации научно-технологических проектов в Арктической зоне Российской Федерации в 2023 г. Издание предназначено для руководителей федеральных, региональных и муниципальных органов исполнительной власти, научных фондов, иных организаций и агентств, принимающих решения в области управления научными и научно-технологическими исследованиями в российском секторе Арктики, а также для широкого круга руководящих работников в различных отраслях российской экономики. Работы проводились в рамках реализации проекта государственного задания Министерства науки и высшего образования Российской Федерации, паспорт проекта № 4296-23, и инициативной НИОКР № госрегистрации 122061400032-7 |
| 583 | x | Служебное примечание | Полнотекстовые документы | |
| x | Служебное примечание | Труды преподавателей МАУ | ||
| x | Служебное примечание | Арктические исследования | ||
| 651 | _4 | a | Географическое наименование | Арктика |
| 653 | 0_ | a | Ключевые слова | Труды преподавателей МАУ |
| a | Ключевые слова | Научно-исследовательская деятельность | ||
| a | Ключевые слова | Научно-технологический анализ | ||
| a | Ключевые слова | Исследования арктические | ||
| a | Ключевые слова | Электронные версии | ||
| 700 | 12 | a | Другие авторы | Гогоберидзе Г. Г. |
| e | Роль лиц | Редактор | ||
| 856 | 40 | u | URL | https://elib.mauniver.ru/2024/Mn_24_02.pdf |
| 901 | t | Тип документа | m |